|
|
|
|
| LEADER |
00000cam a22000004a 4500 |
| 001 |
musev2_44243 |
| 003 |
MdBmJHUP |
| 005 |
20230905044630.0 |
| 006 |
m o d |
| 007 |
cr||||||||nn|n |
| 008 |
160111s2015 txu o 00 0 eng d |
| 020 |
|
|
|a 9781680030501
|
| 020 |
|
|
|z 9781680030495
|
| 035 |
|
|
|a (OCoLC)934434087
|
| 040 |
|
|
|a MdBmJHUP
|c MdBmJHUP
|
| 100 |
1 |
|
|a Finney, Ernest J.,
|e author.
|
| 245 |
1 |
0 |
|a Elevation: 6,040 :
|b A Novella /
|c Ernest J. Finney.
|
| 250 |
|
|
|a First edition.
|
| 264 |
|
1 |
|a Huntsville, Texas :
|b Texas Review Press,
|c [2015]
|
| 264 |
|
3 |
|a Baltimore, Md. :
|b Project MUSE,
|c 2016
|
| 264 |
|
4 |
|c ©[2015]
|
| 300 |
|
|
|a 1 online resource (128 pages).
|
| 336 |
|
|
|a text
|b txt
|2 rdacontent
|
| 337 |
|
|
|a computer
|b c
|2 rdamedia
|
| 338 |
|
|
|a online resource
|b cr
|2 rdacarrier
|
| 505 |
0 |
|
|a Front Cover; Title Page; Table of Contents; 1981; The Jaunt; Sebastian's Son; Ophir Flat; Wolverines; About the Author; Back Cover.
|
| 520 |
|
|
|a It's 1981, and thirteen-year-old Roscoe McAdams and his brother and sister have always lived with their parents, Sebastian and Moonstar, in an isolated cabin high on a ridge in California's northern Sierra, though often in spring when Moonstar can't stand the snow anymore she takes them for a stay down below. They've mostly been home-schooled. Then, through a fluke that April, Moonstar becomes a substitute teacher in a small town and enrolls the kids in school there. Roscoe assumes that when summer comes, they'll go back to the ridge and Sebastian: that's how it's always been. But they don't, and then everything Roscoe thinks he knows for sure begins to fall apart. --Provided by publisher.
|
| 588 |
|
|
|a Description based on print version record.
|
| 650 |
|
7 |
|a Rural teenagers.
|2 fast
|0 (OCoLC)fst01743008
|
| 650 |
|
7 |
|a Mountaineering.
|2 fast
|0 (OCoLC)fst01028334
|
| 650 |
|
7 |
|a FICTION
|x General.
|2 bisacsh
|
| 650 |
|
0 |
|a Mountaineering
|z California
|z Sierra County
|v Fiction.
|
| 650 |
|
0 |
|a Rural teenagers
|z California
|z Sierra County
|v Fiction.
|
| 651 |
|
7 |
|a California
|z Sierra County.
|2 fast
|0 (OCoLC)fst01215843
|
| 651 |
|
0 |
|a Sierra County (Calif.)
|v Fiction.
|
| 655 |
|
7 |
|a Fiction.
|2 fast
|0 (OCoLC)fst01423787
|
| 655 |
|
7 |
|a Electronic books.
|2 local
|
| 710 |
2 |
|
|a Project Muse.
|e distributor
|
| 830 |
|
0 |
|a Book collections on Project MUSE.
|
| 856 |
4 |
0 |
|z Texto completo
|u https://projectmuse.uam.elogim.com/book/44243/
|
| 945 |
|
|
|a Project MUSE - Custom Collection
|
| 945 |
|
|
|a Project MUSE - 2016 Complete
|
| 945 |
|
|
|a Project MUSE - 2016 Poetry, Fiction and Creative Non-Fiction
|